Statistiques concernant 15 principaux pays touchés par Covid-19 - 5 janvier 2022

Cliquez ici pour prendre le quiz!

Statistiques générales

  • Ce quiz a été pris 19 fois
  • Le résultat moyen est 13 sur 27

Statistiques - réponses

pays% Correct
Espagne
100%
France
100%
Etats-Unis
94%
Italie
94%
Brésil
89%
Russie
89%
Allemagne
83%
Royaume-Uni
83%
Argentine
67%
Inde
67%
Pologne
56%
Suisse
50%
Belgique
39%
Pays-Bas
39%
Indonésie
33%
Iran
33%
Turquie
33%
Irlande
28%
Croatie
22%
Colombie
11%
Estonie
11%
Lituanie
11%
Slovaquie
11%
Slovénie
11%
Tchèquie
11%
Bahreïn
0%
Géorgie
0%

Distribution des résultats

Percentile par nombre de réponses

% des personnes avec chaque résultat

Votre développement - résultats

Vous n’avez pas pris ce quiz